[Event "Mecklenburg VP LL2 West 1617"]
[Site "Mecklenburg VP"]
[Date "2016.11.20"]
[Round "3.2"]
[White "Jung, Werner"]
[Black "Goldbach, Aaron"]
[Result "1/2-1/2"]
[WhiteElo "1884"]
[BlackElo "1804"]
[PlyCount "83"]
[EventDate "2016.10.16"]
[EventType "team-tourn"]
[EventRounds "9"]
[EventCountry "GER"]
[SourceTitle "EXT 2022"]
[Source "ChessBase"]
[SourceDate "2021.10.06"]
[SourceVersion "1"]
[SourceVersionDate "2021.10.06"]
[SourceQuality "1"]
[WhiteTeam "Schwerin SF IV"]
[BlackTeam "Mecklenburger Springer SC"]
[WhiteTeamCountry "GER"]
[BlackTeamCountry "GER"]

1. e4 c5 2. f4 e6 3. Nf3 Nc6 4. Bb5 d5 5. exd5 exd5 6. 0-0 Bg4 7. Qe1+ Be7 8. Bxc6+ bxc6 9. Ne5 Bd7 10. d3 Nf6 11. Nxd7 Qxd7 12. Nd2 0-0 13. Nf3 Bd6 14. Qh4 Rfe8 15. Bd2 Re2 16. Rae1 Rae8 17. Rxe2 Rxe2 18. Re1 Qe6 19. Rxe2 Qxe2 20. Qe1 Qxe1+ 21. Nxe1 d4 22. c4 g6 23. g3 Kf8 24. Kg2 Ke7 25. Kf3 h5 26. h3 Ke6 27. Ng2 Ne8 28. g4 f5 29. gxh5 gxh5 30. Kg3 Kf6 31. Nh4 Nc7 32. Kf3 Ne6 33. Ng2 Ke7 34. Be1 Kf6 35. Bd2 Ke7 36. Ne1 Kf6 37. Kg3 Kg6 38. Nf3 Kf6 39. Ng1 Kg6 40. Ne2 Kf6 41. Kf3 Kf7 42. Ng3 1/2-1/2

[Event "Mecklenburg VP U18"]
[Site "Malchow"]
[Date "2016.02.02"]
[Round "1.2"]
[White "Stuppe, Hannes"]
[Black "Goldbach, Aaron"]
[Result "1-0"]
[WhiteElo "1422"]
[BlackElo "1803"]
[PlyCount "103"]
[EventDate "2016.02.02"]
[EventType "swiss"]
[EventRounds "7"]
[EventCountry "GER"]
[SourceTitle "EXT 2024"]
[Source "ChessBase"]
[SourceDate "2023.10.10"]
[SourceVersion "1"]
[SourceVersionDate "2023.10.10"]
[SourceQuality "1"]

1. e4 c5 2. Nf3 e6 3. d4 cxd4 4. Nxd4 Nc6 5. Nc3 Qc7 6. Be3 a6 7. Bd3 Nf6 8. 0-0 Bb4 9. Qd2 Bxc3 10. Qxc3 Ng4 11. Nf3 0-0 12. Rfe1 Nxe3 13. Rxe3 e5 14. Rd1 d6 15. Be2 Bg4 16. Qd3 Bxf3 17. Bxf3 Rfd8 18. c3 Qa5 19. Qc4 Rac8 20. Qb3 b5 21. Red3 b4 22. Rxd6 Rxd6 23. Rxd6 bxc3 24. Rxc6 Rd8 25. Rxc3 g6 26. g3 Rd2 27. a3 Qd8 28. Rc2 Rd3 29. Rc3 Rd2 30. Re3 Qd4 31. Qc3 Qd6 32. Be2 Kg7 33. Rd3 Rxd3 34. Qxd3 Qb6 35. Qxa6 Qxb2 36. a4 Qb1+ 37. Kg2 Qxe4+ 38. Bf3 Qb1 39. Qc6 Qb4 40. Bd5 h5 41. Qd7 h4 42. Qxf7+ Kh6 43. Qd7 e4 44. Qg4 hxg3 45. Qxe4 Qa5 46. hxg3 Kg7 47. Qe5+ Kh6 48. Qh8+ Kg5 49. Qh4+ Kf5 50. Be4+ Ke6 51. Qg4+ Ke7 52. Bxg6 1-0

[Event "Mecklenburg VP-ch U18"]
[Site "Malchow"]
[Date "2015.02.??"]
[Round "7.2"]
[White "Goldbach, Aaron"]
[Black "Bardosch, Karl"]
[Result "0-1"]
[WhiteElo "1696"]
[BlackElo "1679"]
[PlyCount "88"]
[EventDate "2015.02.04"]
[EventType "swiss"]
[EventRounds "7"]
[EventCountry "GER"]
[SourceTitle "EXT 2022"]
[Source "ChessBase"]
[SourceDate "2021.10.06"]
[SourceVersion "1"]
[SourceVersionDate "2021.10.06"]
[SourceQuality "1"]

1. d4 d5 2. Bf4 Nf6 3. e3 e6 4. Nf3 Bd6 5. Ne5 Nbd7 6. Nd2 0-0 7. Bd3 Qe7 8. Qf3 Rd8 9. 0-0 c5 10. c3 Nf8 11. Rad1 h6 12. b3 cxd4 13. exd4 Bd7 14. c4 Bc6 15. c5 Bxe5 16. Bxe5 Ne8 17. b4 a6 18. Rfe1 Nd7 19. Bg3 Ndf6 20. Bc2 Qd7 21. Ra1 a5 22. a3 Ra7 23. Nb3 axb4 24. axb4 Ba4 25. c6 Qxc6 26. Nc5 Rda8 27. Bxa4 b5 28. Rac1 bxa4 29. Qa3 Qb6 30. Rc2 Nd6 31. Bxd6 Qxd6 32. f3 Nd7 33. Nxd7 Rxd7 34. Rec1 Qb6 35. Rc5 Rb7 36. b5 Qa5 37. Qd3 g6 38. Rb1 Rb6 39. Qc2 Rab8 40. Rc8+ Rxc8 41. Qxc8+ Kg7 42. Qc5 a3 43. Ra1 Rxb5 44. Qxa3 Rb1+ 0-1

[Event "Mecklenburg VP-ch U18"]
[Site "Malchow"]
[Date "2015.02.??"]
[Round "2.2"]
[White "Goldbach, Aaron"]
[Black "Martau, Valentin"]
[Result "1-0"]
[WhiteElo "1696"]
[BlackElo "1296"]
[PlyCount "63"]
[EventDate "2015.02.04"]
[EventType "swiss"]
[EventRounds "7"]
[EventCountry "GER"]
[SourceTitle "EXT 2022"]
[Source "ChessBase"]
[SourceDate "2021.10.06"]
[SourceVersion "1"]
[SourceVersionDate "2021.10.06"]
[SourceQuality "1"]

1. d4 e6 2. Nf3 d5 3. Bf4 Nf6 4. e3 Bd6 5. Ne5 0-0 6. Nd2 Nbd7 7. Bd3 Bxe5 8. dxe5 Ne8 9. Nf3 f6 10. 0-0 c5 11. c4 Nc7 12. exf6 Nxf6 13. Qc2 b6 14. Rad1 Ba6 15. Bg5 h6 16. Bh7+ Kh8 17. Bxf6 Qxf6 18. Bd3 Rad8 19. b3 Bb7 20. Nd2 Qg5 21. f4 Qh4 22. Nf3 Qf6 23. Ne5 dxc4 24. bxc4 Rfe8 25. Bg6 Rxd1 26. Rxd1 Rc8 27. Rd7 Ba8 28. Bh7 Rf8 29. Ng6+ Kxh7 30. Nxf8+ Kg8 31. Qh7+ Kxf8 32. Qh8# 1-0

[Event "Mecklenburg VP-ch U18"]
[Site "Malchow"]
[Date "2015.02.??"]
[Round "1.2"]
[White "Haase, Nicolas"]
[Black "Goldbach, Aaron"]
[Result "0-1"]
[WhiteElo "1206"]
[BlackElo "1696"]
[PlyCount "50"]
[EventDate "2015.02.04"]
[EventType "swiss"]
[EventRounds "7"]
[EventCountry "GER"]
[SourceTitle "EXT 2022"]
[Source "ChessBase"]
[SourceDate "2021.10.06"]
[SourceVersion "1"]
[SourceVersionDate "2021.10.06"]
[SourceQuality "1"]

1. d4 Nf6 2. c4 e6 3. Nc3 Bb4 4. Bd2 c5 5. e3 0-0 6. Nf3 Nc6 7. Bd3 b6 8. 0-0 Bb7 9. dxc5 Bxc5 10. Ne4 Be7 11. Bc3 d6 12. Qc2 Ng4 13. Rfd1 Qc7 14. Ng3 f5 15. h3 Nge5 16. Nxe5 Nxe5 17. Bxe5 dxe5 18. Be2 g6 19. Rd2 Bb4 20. Rd3 f4 21. Rb3 fxg3 22. Rxb4 Rxf2 23. Rf1 Rxg2+ 24. Kh1 Rh2+ 25. Kg1 Rh1# 0-1

[Event "Mecklenburg VP LL2 West 1415"]
[Site "Mecklenburg VP"]
[Date "2014.11.09"]
[Round "2.6"]
[White "Moews, Harald"]
[Black "Goldbach, Aaron"]
[Result "1-0"]
[WhiteElo "1550"]
[BlackElo "1696"]
[PlyCount "87"]
[EventDate "2014.09.21"]
[EventType "team-tourn"]
[EventRounds "9"]
[EventCountry "GER"]
[SourceTitle "EXT 2022"]
[Source "ChessBase"]
[SourceDate "2021.10.06"]
[SourceVersion "1"]
[SourceVersionDate "2021.10.06"]
[SourceQuality "1"]
[WhiteTeam "Schwerin SV Einheit"]
[BlackTeam "Mecklenburger Springer SC"]
[WhiteTeamCountry "GER"]
[BlackTeamCountry "GER"]

1. e4 c5 2. c4 e6 3. Nc3 Nc6 4. f4 a6 5. Nf3 d6 6. Be2 Be7 7. d3 Qc7 8. 0-0 Nf6 9. h3 Bd7 10. Be3 0-0-0 11. a3 e5 12. Rb1 a5 13. Qe1 Nd4 14. fxe5 dxe5 15. Nd5 Nxd5 16. Bxd4 exd4 17. cxd5 Kb8 18. e5 Qb6 19. d6 Bxd6 20. exd6 Rhe8 21. Nd2 Be6 22. Qg3 Ka7 23. b4 Rxd6 24. Ne4 Rdd8 25. bxc5 Qc6 26. Bf3 Bd5 27. Nd6 Re7 28. Bxd5 Qxd5 29. Qf3 Qxf3 30. Rxf3 f6 31. Rf4 Rc7 32. Rxd4 Kb8 33. Rc4 g6 34. Nb5 Re7 35. d4 Rd5 36. Nc3 Rd8 37. d5 Rc7 38. c6 Ka8 39. Rb5 bxc6 40. dxc6 Ka7 41. Nd5 Rg7 42. Rxa5+ Kb8 43. Rb4+ Kc8 44. Ra8# 1-0

[Event "Mecklenburg VP LL2 West 1415"]
[Site "Mecklenburg VP"]
[Date "2014.09.21"]
[Round "1.5"]
[White "Hilpert, Andreas"]
[Black "Goldbach, Aaron"]
[Result "0-1"]
[WhiteElo "1835"]
[BlackElo "1696"]
[PlyCount "100"]
[EventDate "2014.09.21"]
[EventType "team-tourn"]
[EventRounds "9"]
[EventCountry "GER"]
[SourceTitle "EXT 2022"]
[Source "ChessBase"]
[SourceDate "2021.10.06"]
[SourceVersion "1"]
[SourceVersionDate "2021.10.06"]
[SourceQuality "1"]
[WhiteTeam "Ludwigslust VT 2000"]
[BlackTeam "Mecklenburger Springer SC"]
[WhiteTeamCountry "GER"]
[BlackTeamCountry "GER"]

1. e4 c5 2. Nc3 e6 3. g3 Nc6 4. Bg2 Qc7 5. Nge2 a6 6. a4 Nf6 7. 0-0 Be7 8. d3 0-0 9. f4 b6 10. h3 Bb7 11. g4 Nb4 12. Ng3 d5 13. e5 Nd7 14. Nce2 d4 15. Ne4 Nd5 16. g5 b5 17. N2g3 Rac8 18. Qg4 c4 19. Nf6+ Kh8 20. Nxd5 Bxd5 21. Bxd5 exd5 22. Nf5 Nb8 23. axb5 axb5 24. Bd2 c3 25. bxc3 dxc3 26. Be3 Bc5 27. d4 Be7 28. Ra8 Nc6 29. Rxc8 Rxc8 30. Ra1 Bf8 31. Nd6 Rb8 32. Qf5 Kg8 33. Qd3 Nb4 34. Qe2 Bxd6 35. exd6 Qxd6 36. Bc1 Qg6 37. Qe5 Rc8 38. Qe7 Nxc2 39. Qd7 Rf8 40. f5 Qb6 41. Ra7 Qxd4+ 42. Kg2 Qe4+ 43. Kg3 Qe1+ 44. Kg4 Qxc1 45. g6 Qd1+ 46. Kh4 Qe1+ 47. Kg4 hxg6 48. fxg6 Qg1+ 49. Kh4 Qxg6 50. Qxd5 Ne3 0-1

[Event "Mecklenburg VP LL2 West 1314"]
[Site "Mecklenburg VP"]
[Date "2013.12.15"]
[Round "4.7"]
[White "Emmrich, Olaf"]
[Black "Goldbach, Aaron"]
[Result "1-0"]
[WhiteElo "1800"]
[BlackElo "1594"]
[PlyCount "111"]
[EventDate "2013.10.27"]
[EventType "team-tourn"]
[EventRounds "9"]
[EventCountry "GER"]
[SourceTitle "EXT 2022"]
[Source "ChessBase"]
[SourceDate "2021.10.06"]
[SourceVersion "1"]
[SourceVersionDate "2021.10.06"]
[SourceQuality "1"]
[WhiteTeam "Ludwigslust Post SV"]
[BlackTeam "Mecklenburger Springer SC"]
[WhiteTeamCountry "GER"]
[BlackTeamCountry "GER"]

1. e4 c5 2. Nf3 e6 3. c3 Nc6 4. d4 cxd4 5. cxd4 Nf6 6. Nc3 Bb4 7. Bd3 0-0 8. 0-0 Be7 9. e5 Ne8 10. a3 d6 11. Be3 a6 12. Rc1 b5 13. Nxb5 Nxe5 14. dxe5 axb5 15. Qc2 h6 16. Bxb5 Bd7 17. Bxd7 Qxd7 18. Rfd1 d5 19. Nd4 Bd8 20. Qc6 Qxc6 21. Nxc6 g5 22. Bc5 Ng7 23. Bxf8 Kxf8 24. Nxd8 Rxd8 25. Rc7 Nf5 26. Rd3 Rb8 27. b4 Kg7 28. Rf3 h5 29. Rfc3 Kg6 30. g3 Nd4 31. Kf1 Nb5 32. Rc8 Rxc8 33. Rxc8 Nxa3 34. Ke2 Kf5 35. Rh8 Nc2 36. Rxh5 Nxb4 37. f4 f6 38. exf6 Kxf6 39. fxg5+ Kf5 40. Rh4 Nc6 41. Ra4 Kxg5 42. Ra6 Nd4+ 43. Kd3 Nb3 44. Rb6 Nc5+ 45. Kd4 Ne4 46. Rxe6 Nd2 47. Kxd5 Nf1 48. Re2 Kg4 49. Ke5 Kf3 50. Ra2 Kg4 51. Ra4+ Kg5 52. Ra8 Kg6 53. h4 Kh5 54. Kf4 Nd2 55. g4+ Kg6 56. h5+ 1-0

[Event "Mecklenburg VP LL2 West 1314"]
[Site "Mecklenburg VP"]
[Date "2013.11.11"]
[Round "2.8"]
[White "Goldbach, Aaron"]
[Black "Feige, Detlef"]
[Result "1/2-1/2"]
[WhiteElo "1594"]
[BlackElo "1582"]
[PlyCount "90"]
[EventDate "2013.10.27"]
[EventType "team-tourn"]
[EventRounds "9"]
[EventCountry "GER"]
[SourceTitle "EXT 2022"]
[Source "ChessBase"]
[SourceDate "2021.10.06"]
[SourceVersion "1"]
[SourceVersionDate "2021.10.06"]
[SourceQuality "1"]
[WhiteTeam "Mecklenburger Springer SC"]
[BlackTeam "Putlitzer SV 1921"]
[WhiteTeamCountry "GER"]
[BlackTeamCountry "GER"]

1. d4 Nf6 2. Nf3 d5 3. Bf4 Nc6 4. c4 dxc4 5. e3 Bg4 6. Bxc4 e6 7. h3 Bh5 8. 0-0 a6 9. Nc3 Be7 10. Qb3 Bxf3 11. gxf3 Na5 12. Qa4+ c6 13. Bd3 b5 14. Qc2 h6 15. a3 Rc8 16. b4 Nb7 17. Rac1 Bd6 18. Bxd6 Qxd6 19. Ne4 Nxe4 20. Bxe4 Nd8 21. Qc5 Qxc5 22. Rxc5 Kd7 23. f4 Nb7 24. Rc3 Rc7 25. Rfc1 Rhc8 26. f5 Nd6 27. fxe6+ fxe6 28. Bf3 g6 29. Kf1 Nc4 30. Be2 Nd6 31. Kg2 Nf7 32. Kg3 Kd6 33. f4 Kd7 34. Bd3 g5 35. f5 e5 36. dxe5 Nxe5 37. e4 Ke7 38. Be2 Rd8 39. Kf2 Rd6 40. Ke3 Kf6 41. R3c2 Ke7 42. Rd2 Rcd7 43. Rcd1 Rxd2 44. Rxd2 Rxd2 45. Kxd2 Kd6 1/2-1/2

[Event "Mecklenburg VP-ch U14"]
[Site "Malchow"]
[Date "2011.02.14"]
[Round "2.4"]
[White "Goldbach, Aaron"]
[Black "Eulitz, Michael"]
[Result "1-0"]
[WhiteElo "1385"]
[BlackElo "1129"]
[PlyCount "95"]
[EventDate "2011.02.14"]
[EventType "swiss"]
[EventRounds "7"]
[EventCountry "GER"]
[SourceTitle "EXT 2022"]
[Source "ChessBase"]
[SourceDate "2021.10.06"]
[SourceVersion "1"]
[SourceVersionDate "2021.10.06"]
[SourceQuality "1"]

1. d4 Nf6 2. c4 g6 3. Nc3 Bg7 4. e4 d6 5. Nf3 0-0 6. h3 Nbd7 7. Be3 b6 8. Bd3 c5 9. d5 Re8 10. 0-0 Bb7 11. Re1 e6 12. Nb5 Bf8 13. Bf4 e5 14. Bg5 a6 15. Nc3 Rc8 16. Qd2 Bg7 17. Ne2 Qe7 18. Bh6 Qf8 19. Bxg7 Qxg7 20. g4 Nf8 21. Kh2 h5 22. gxh5 Nxh5 23. Rg1 Nh7 24. Ng3 N7f6 25. Nf5 Qf8 26. Qh6 Qxh6 27. Nxh6+ Kg7 28. Nf5+ Kf8 29. Nxd6 Rc7 30. Nxe8 Kxe8 31. Nxe5 Re7 32. f4 Nh7 33. Raf1 Nxf4 34. Rxf4 Rxe5 35. Rgf1 Re7 36. e5 Ng5 37. h4 Nh7 38. h5 Nf8 39. d6 Rxe5 40. Rxf7 Rxh5+ 41. Kg3 Rg5+ 42. Kh4 Rh5+ 43. Kg4 Bc8+ 44. d7+ Bxd7+ 45. Rxd7 Nxd7 46. Bxg6+ Ke7 47. Kxh5 Nf6+ 48. Kg5 1-0